[Event "DVM U14w 2014"]
[Site "Regensburg GER"]
[Date "2014.12.30"]
[Round "7"]
[White "Rieger, Lotta"]
[Black "Weiten, Anna"]
[Result "1/2-1/2"]
[Termination "normal"]
[Board "7.2"]
[WhiteElo "1462"]
[BlackElo "1222"]
[WhiteTeam "SV Empor Erfurt"]
[BlackTeam "SV 1926 Riegelsberg"]
[PlyCount "92"]
[WhiteFideId "12964620"]
[BlackFideId "12938203"]
[EventCountry "GER"]
[EventRounds "7"]
[EventType "team-swiss"]
[EventDate "2014.12.26"]

1. e4 e5 2. Nf3 Nc6 3. d4 exd4 4. Nxd4 Bc5 5. Be3 Qf6 6. c3 Nge7 7. Bc4 d6 8.
O-O Nxd4 9. Bxd4 Bxd4 10. cxd4 c6 11. Nc3 Be6 12. d5 cxd5 13. Bb5+ Bd7 14.
Bxd7+ Kxd7 15. Qa4+ Kd8 16. Nxd5 Nxd5 17. exd5 Qe7 18. Rfe1 Qd7 19. Qh4+ f6 20.
Re6 Rc8 21. Qg3 Kc7 22. Rae1 Rhe8 23. h3 Kb8 24. Rxe8 Rxe8 25. Rxe8+ Qxe8 26.
Qxd6+ Kc8 27. Qc5+ Kb8 28. d6 Qe1+ 29. Kh2 Qe5+ 30. Qxe5 fxe5 31. d7 Kc7 32.
d8=Q+ Kxd8 33. Kg3 Ke7 34. Kf3 Ke6 35. Ke4 Kd6 36. Kf5 Kd5 37. h4 a5 38. g4 b5
39. h5 a4 40. g5 b4 41. h6 g6+ 42. Kf6 Kd6 43. Kg7 Ke7 44. Kxh7 Kf7 45. f3 a3
46. bxa3 bxa3 1/2-1/2

[Event "DVM U14w 2014"]
[Site "Regensburg GER"]
[Date "2014.12.30"]
[Round "7"]
[White "Hartmann, Katrin"]
[Black "Geletzke, Hannah"]
[Result "0-1"]
[Termination "normal"]
[Board "7.3"]
[WhiteElo "1097"]
[BlackElo "1387"]
[WhiteTeam "SV 1926 Riegelsberg"]
[BlackTeam "SV Empor Erfurt"]
[PlyCount "76"]
[WhiteFideId "16200632"]
[BlackFideId "12983330"]
[EventCountry "GER"]
[EventRounds "7"]
[EventType "team-swiss"]
[EventDate "2014.12.26"]

1. e4 {[%emt 0:00:00]} e5 2. Nf3 Nc6 3. Bc4 Bc5 4. d3 Nf6 5. Bg5 h6 6. Bh4 d6
7. c3 Be6 8. Bb3 Bxb3 9. Qxb3 Bb6 10. Nbd2 g5 11. Bg3 Qd7 12. Nc4 O-O-O 13. a4
Qe6 14. a5 Bc5 15. O-O Nh5 16. a6 b6 17. Qb5 d5 18. exd5 Rxd5 19. Rfe1 Bxf2+
20. Kxf2 Rxb5 21. Bxe5 Nxe5 22. Nfxe5 Qf5+ 23. Kg1 Re8 24. Nc6 Rxe1+ 25. Rxe1
Qc5+ 26. Nd4 f6 27. Kh1 Nf4 28. Nxb5 Qxb5 29. g3 Qc6+ 30. Re4 Nxd3 31. Kg1 Qxe4
32. Nd2 Qe3+ 33. Kg2 g4 34. Kh1 Qe1+ 35. Kg2 Qxd2+ 36. Kh1 Qe1+ 37. Kg2 Qf2+
38. Kh1 Qf1# 0-1

[Event "DVM U14w 2014"]
[Site "Regensburg GER"]
[Date "2014.12.30"]
[Round "7"]
[White "Allin, Katharina"]
[Black "Holschuh, Nadia"]
[Result "1-0"]
[Termination "normal"]
[Board "7.4"]
[WhiteElo "1363"]
[BlackElo "750"]
[WhiteTeam "SV Empor Erfurt"]
[BlackTeam "SV 1926 Riegelsberg"]
[PlyCount "49"]
[WhiteFideId "12903779"]
[BlackFideId "16200640"]
[EventCountry "GER"]
[EventRounds "7"]
[EventType "team-swiss"]
[EventDate "2014.12.26"]

1. e4 e5 2. Nf3 Nc6 3. Bc4 Nf6 4. d3 Bc5 5. c3 d6 6. Bb3 Bg4 7. h3 Be6 8. Bc2
d5 9. d4 dxe4 10. Nxe5 Nxe5 11. dxe5 Qxd1+ 12. Kxd1 Nd7 13. Ke2 Nxe5 14. Bxe4
Bc4+ 15. Ke1 Rd8 16. Bf4 Bd5 17. Bxe5 Bxe4 18. Ke2 Bxg2 19. Rg1 Rd5 20. Bxg7
Rg8 21. Rxg2 Be7 22. Nd2 f5 23. Rag1 f4 {(=)} 24. Bh6 Re5+ 25. Kf1 1-0

[Event "DVM U14w 2014"]
[Site "Regensburg GER"]
[Date "2014.12.30"]
[Round "7"]
[White "Lederer, Leia"]
[Black "Rudolph, Eva"]
[Result "1/2-1/2"]
[Termination "normal"]
[Board "8.1"]
[WhiteElo "1569"]
[BlackElo "1278"]
[WhiteTeam "SV Stuttgart-Wolfbusch"]
[BlackTeam "Düsseldorfer SK"]
[PlyCount "74"]
[WhiteFideId "12926353"]
[BlackFideId "16200594"]
[EventCountry "GER"]
[EventRounds "7"]
[EventType "team-swiss"]
[EventDate "2014.12.26"]

1. e4 e5 2. Nf3 Nf6 3. Nxe5 d6 4. Nf3 Nxe4 5. Nc3 d5 6. Qe2 Be7 7. Nxe4 dxe4 8.
Qxe4 O-O 9. Bc4 Re8 10. Ne5 Rf8 11. Bd3 f5 12. Bc4+ Kh8 13. Qf3 Qe8 14. Qe2 Nd7
15. Nf7+ Rxf7 16. Bxf7 Qxf7 17. d4 Nf6 18. Bg5 Be6 19. O-O-O Bxa2 20. Rhe1 Re8
21. Bxf6 Bc4 22. Qf3 Qxf6 23. Qxb7 Qb6 24. Qxb6 axb6 25. Kb1 Kg8 26. Re5 {(=)}
g6 27. Rde1 Kf7 28. b3 Ba6 29. c4 Bc8 30. c5 bxc5 31. dxc5 Bd7 32. b4 Bf6 33.
Rxe8 Bxe8 34. Ka2 Bc6 35. f3 g5 36. Kb3 Bb5 37. Kc2 c6 *

[Event "DVM U14w 2014"]
[Site "Regensburg GER"]
[Date "2014.12.30"]
[Round "7"]
[White "Kogan, Dina Rachel"]
[Black "Kobald, Jacqueline"]
[Result "0-1"]
[Termination "normal"]
[Board "8.2"]
[WhiteElo "1229"]
[BlackElo "1207"]
[WhiteTeam "Düsseldorfer SK"]
[BlackTeam "SV Stuttgart-Wolfbusch"]
[PlyCount "144"]
[WhiteFideId "16200608"]
[BlackFideId "12988162"]
[EventCountry "GER"]
[EventRounds "7"]
[EventType "team-swiss"]
[EventDate "2014.12.26"]

1. e4 {[%emt 0:00:00]} c5 2. Nc3 Nc6 3. Bb5 Qb6 4. Bxc6 Qxc6 5. f4 g6 6. Nf3
Bg7 7. O-O e6 8. d3 Ne7 9. Qe1 O-O 10. Qh4 Re8 11. f5 exf5 12. Bh6 Qf6 13. Bg5
Qe6 14. Bh6 Qf6 15. Ng5 Bxh6 16. Qxh6 Qg7 17. Qh4 h6 18. Nf3 d6 19. Rae1 Bd7
20. e5 d5 21. e6 Bxe6 22. Ne5 Nc6 23. Nxc6 bxc6 24. Qa4 Qd4+ 25. Rf2 Bd7 26.
Ref1 Reb8 27. Qxd4 cxd4 28. Na4 Be6 29. b3 Rd8 30. Nc5 Rab8 31. Na6 Rb6 32. Nc5
Rb5 33. Na4 c5 34. Rf3 c4 35. Rh3 Kg7 36. Rf4 cxd3 37. cxd3 Rb4 38. Rhh4 g5 39.
Rxd4 Rxd4 40. Rxd4 Rc8 41. h4 Rc2 42. a3 Ra2 43. Nc5 Rxa3 44. g4 Kf6 45. Kg2 f4
46. Kf3 Ra2 47. Nb7 Rh2 48. hxg5+ hxg5 49. Ra4 Rh3+ 50. Kf2 Rxd3 51. Nc5 Re3
52. Rxa7 d4 53. b4 d3 54. Nxe6 Rxe6 55. Rd7 Re3 56. b5 Re2+ 57. Kf3 Re3+ 58.
Kf2 Ke6 59. Rd4 Re5 60. b6 Rb5 61. Rxd3 Rxb6 62. Rd4 f5 63. gxf5+ Kxf5 64. Kf3
Rb3+ 65. Kg2 Kg4 66. Kh2 Rb2+ 67. Kh1 Kg3 68. Rd3+ f3 69. Rd1 g4 70. Rg1+ Kf4
71. Rf1 g3 72. Rg1 Rh2# 0-1

[Event "DVM U14w 2014"]
[Site "Regensburg GER"]
[Date "2014.12.30"]
[Round "7"]
[White "Liu, Sijia Anna"]
[Black "Takeuchi, Alina"]
[Result "1-0"]
[Termination "normal"]
[Board "8.3"]
[WhiteElo "1040"]
[BlackElo "920"]
[WhiteTeam "SV Stuttgart-Wolfbusch"]
[BlackTeam "Düsseldorfer SK"]
[PlyCount "39"]
[WhiteFideId "12989746"]
[BlackFideId "16200616"]
[EventCountry "GER"]
[EventRounds "7"]
[EventType "team-swiss"]
[EventDate "2014.12.26"]

1. e4 c5 2. Nf3 e6 3. d4 cxd4 4. Nxd4 a6 5. Bd3 Nf6 6. O-O Be7 7. Nc3 O-O 8. e5
Nd5 9. Qh5 g6 10. Qh6 Qc7 11. Nxd5 exd5 12. Bf4 Nc6 13. Nf3 Re8 14. e6 Bd6 15.
exf7+ Kxf7 16. Ng5+ Ke7 17. Qxh7+ Kd8 18. Nf7+ Ke7 19. Nxd6+ Ke6 20. Qf7# 1-0

[Event "DVM U14w 2014"]
[Site "Regensburg GER"]
[Date "2014.12.30"]
[Round "7"]
[White "Sokolowski, Judith"]
[Black "Witte, Hanna"]
[Result "1-0"]
[Termination "normal"]
[Board "8.4"]
[WhiteElo "1043"]
[BlackElo "800"]
[WhiteTeam "Düsseldorfer SK"]
[BlackTeam "SV Stuttgart-Wolfbusch"]
[PlyCount "113"]
[WhiteFideId "16200624"]
[BlackFideId "16200322"]
[EventCountry "GER"]
[EventRounds "7"]
[EventType "team-swiss"]
[EventDate "2014.12.26"]

1. e4 e5 2. Nf3 Nc6 3. d4 exd4 4. Bc4 Nf6 5. Bg5 h6 6. Bh4 Bc5 7. e5 d5 8. Bb5
Bg4 9. exf6 Bxf3 10. Qxf3 Qd7 11. Qe2+ Qe6 12. Qxe6+ fxe6 13. Bxc6+ bxc6 14.
fxg7 Rg8 15. Bf6 Kf7 16. Be5 a5 17. Nd2 a4 18. a3 h5 19. Nf3 Rab8 20. b4 Ba7
21. Nxd4 c5 22. Nc6 Rb7 23. Nxa7 Rxa7 24. bxc5 c6 25. Rb1 h4 26. h3 Kg6 27. Rb6
Rc7 28. Bxc7 Rxg7 29. Rxc6 Re7 30. Bd8 Re8 31. Bxh4 d4 32. Rd6 Kf7 33. Rxd4 e5
34. Rxa4 e4 35. O-O Kg6 36. c6 Rc8 37. Ra6 Kh5 38. Bf6 Rc7 39. Be5 Re7 40. Bg3
e3 41. fxe3 Rxe3 42. Bb8 Rc3 43. Rc1 Kg6 44. c7+ Kf7 45. Rd6 Ke7 46. Rd8 Rc6
47. c8=Q Rxc8 48. Rxc8 Kd7 49. Rc3 Ke6 50. Rc4 Kd5 51. Rc8 Ke4 52. Rd1 Kf5 53.
g3 Kg5 54. Rf8 Kg6 55. Rd4 Kh5 56. Rg4 Kh6 57. Rh8# 1-0

[Event "DVM U14w 2014"]
[Site "Regensburg GER"]
[Date "2014.12.30"]
[Round "7"]
[White "Schneider, Xenia"]
[Black "Bünte, Kirsten"]
[Result "0-1"]
[Termination "normal"]
[Board "9.1"]
[WhiteElo "1107"]
[BlackElo "1316"]
[WhiteTeam "SK Endingen"]
[BlackTeam "Gütersloher SV"]
[PlyCount "56"]
[WhiteFideId "12911984"]
[BlackFideId "16200535"]
[EventCountry "GER"]
[EventRounds "7"]
[EventType "team-swiss"]
[EventDate "2014.12.26"]

1. e4 e5 2. Nc3 Nf6 3. Nf3 Nc6 4. Bc4 Bc5 5. d3 d6 6. h3 Be6 7. Bxe6 fxe6 8.
Be3 Bb6 9. Qe2 O-O 10. O-O Nh5 11. Ng5 Qe8 12. Bd2 Ng3 13. Qg4 Nxf1 14. Rxf1
Rf6 15. Qe2 Qg6 16. Nf3 Raf8 17. Nh4 Qg3 18. Nf5 exf5 19. Nd5 Qh4 20. Nxf6+
Rxf6 21. Be3 f4 22. Bxb6 axb6 23. Qf3 Rg6 24. Kh2 Nd4 25. Qd1 Qg5 26. Rg1 f3
27. gxf3 Nxf3+ 28. Qxf3 Qxg1# 0-1

[Event "DVM U14w 2014"]
[Site "Regensburg GER"]
[Date "2014.12.30"]
[Round "7"]
[White "Neumann, Konstantina"]
[Black "Wagner, Lena"]
[Result "0-1"]
[Termination "normal"]
[Board "9.2"]
[WhiteElo "1182"]
[BlackElo "988"]
[WhiteTeam "Gütersloher SV"]
[BlackTeam "SK Endingen"]
[PlyCount "26"]
[WhiteFideId "16200543"]
[BlackFideId "12983470"]
[EventCountry "GER"]
[EventRounds "7"]
[EventType "team-swiss"]
[EventDate "2014.12.26"]

1. e4 e5 2. Nf3 Nc6 3. Nc3 Bc5 4. Bc4 Nf6 5. d3 h6 6. h3 d6 7. O-O O-O 8. Be3
Bb6 9. Qd2 Bxe3 10. fxe3 Nh5 11. Qe2 Ng3 12. Qd2 Nxf1 13. Kxf1 {Nicht
nachvollziehbar und Aufgabe nach dem 36.Zug} d5 0-1

[Event "DVM U14w 2014"]
[Site "Regensburg GER"]
[Date "2014.12.30"]
[Round "7"]
[White "Wagner, Anna"]
[Black "Neumann, Anna-Alicia"]
[Result "0-1"]
[Termination "normal"]
[Board "9.3"]
[WhiteElo "937"]
[BlackElo "1115"]
[WhiteTeam "SK Endingen"]
[BlackTeam "Gütersloher SV"]
[PlyCount "40"]
[WhiteFideId "12983489"]
[BlackFideId "16200551"]
[EventCountry "GER"]
[EventRounds "7"]
[EventType "team-swiss"]
[EventDate "2014.12.26"]

1. e4 e5 2. Nf3 Nc6 3. Bb5 d6 4. Nc3 f5 5. d3 fxe4 6. dxe4 Nf6 7. Bg5 Be7 8.
O-O O-O 9. Bc4+ Kh8 10. h3 Bd7 11. Qd2 Qc8 12. Nd5 Nxe4 13. Qe2 Nxg5 14. Nxe7
Nxf3+ 15. gxf3 Nxe7 16. Kh2 Bxh3 17. Rg1 Rf6 18. Rg3 Rh6 19. Rag1 Bf1+ 20. Rh3
Qxh3# 0-1